| 000 | 03197nam0a2200445 4500 | ||
|---|---|---|---|
| 001 | RU\NLR\BIBL_A\012313538 | ||
| 005 | 20260407115649.0 | ||
| 035 | _a(NLR Aleph) 012313538 | ||
| 090 |
_a11383029 _c11383029 |
||
| 100 | _a20200813d1901 |||y0rusy50 ca | ||
| 101 | 0 | _arus | |
| 102 | _aRU | ||
| 105 | _ay z 000zy | ||
| 181 | 0 |
_ai _baxxe |
|
| 182 | 0 | _an | |
| 200 | 1 |
_aО выдаче премии на водочные изделия, вывозимые за границу в бочках и боченках _eпредставление Министра Финансов разослано Членам Государственного Совета в печатных экземплярах _fГосударственный Совет в Соединенных Департаментах Государственной Экономии и Промышленности, Наук и Торговли. Министерство Финансов. 22 февраля 1901 года. № 49 |
|
| 203 |
_aТекст _bвизуальный _cнепосредственный |
||
| 210 |
_a[С.-Петербург _cб. и.] _d1901 |
||
| 215 |
_a1 с. _d34 |
||
| 300 | _aВ конце текста: Подписали: Д. Сольский, Ф. Тернер, П. Сабуров [и др.]; Скрепил: Статс-Секретарь Рухлов | ||
| 300 | _aНа с. 1: CCXXXIV | ||
| 309 | _aБез тит. л. и обл. | ||
| 601 | 0 | 1 |
_aРоссия _bСоединенные департаменты государственной экономии и промышленности, наук и торговли _jДокументы и материалы _92463279 _3RU\NLR\AUTH\6601680934 |
| 606 | 1 |
_aСпиртные напитки _jДокументы и материалы _xТорговля _xГосударственное регулирование _yРоссия _92494393 _3RU\NLR\AUTH\6601695745 |
|
| 686 | 3 | _aУ03(2)53-212.11,011 | |
| 686 | 3 | _aУ42(28)151.27-21,011 | |
| 702 | 1 |
_4720 _8rus _7ca _aСольский _bД. М. _cгос. деятель _f1833-1910 _gДмитрий Мартынович _3RU\NLR\AUTH\7783181 _966109 |
|
| 702 | 1 |
_4720 _7ca _8rus _aТернер _bФ. Г. _cгос. деятель _f1828-1906 _gФедор Густавович _9156929 _3RU\NLR\AUTH\770156969 |
|
| 702 | 1 |
_4720 _aСабуров _bП. А. _cдипломат _f1835-1918 _gПетр Александрович _9164024 _3RU\NLR\AUTH\770164068 |
|
| 702 | 1 |
_4720 _7ca _8rus _aРухлов _bС. В. _f1852-1918 _gСергей Васильевич _9197465 _3RU\NLR\AUTH\770197516 |
|
| 711 | 0 | 1 |
_aРоссия _bМинистерство финансов _3RU\NLR\AUTH\889947360 _9390360 |
| 711 | 0 | 1 |
_aРоссия _bГосударственный совет _3RU\NLR\AUTH\889948587 _9392796 |
| 712 | 0 | 1 |
_4570 _aРоссия _bСоединенные департаменты государственной экономии и промышленности, наук и торговли _9727531 _3RU\NLR\AUTH\880532560 |
| 852 |
_aNLR _j135/294-355 (7) |
||
| 942 | _cBOOK | ||
| 980 | _aNB | ||